000 01009cam a2200253 4500
001 5053
005 20181127174700.0
008 120925s2012 ii ab bs 000 0 eng
010 _a 2012339753
020 _a8171889697
020 _a9788171889693
043 _ap------
245 0 0 _aEconomic and social survey of Asia and the pacific, 2012 :
_bpursuing shared prosperity : in an era of turbulence & high commodity prices.
246 3 0 _aPursuing shared prosperity : in an era of turbulence & high commodity prices
264 1 _aNew Delhi :
_bPublished for and on behalf of the United Nations by Academic Foundation,
_c2012.
300 _axxx, 202 pages :
_billustrations, maps ;
_c27 cm
336 _atext
_2rdacontent
337 _aunmediated
_2rdamedia
338 _avolume
_2rdacarrier
650 0 _aFiscal policy
_zPacific Area.
650 0 _aMonetary policy
_zPacific Area.
710 2 _aUnited Nations.
_bEconomic and Social Commission for Asia and the Pacific.
999 _c4223
_d4223